000
00380nam a2200145Ia 4500
008
100122s9999 xx 000 0 und d
082
_b
46764
_a
823
100
_a
इनामदार ना सं
245
_a
राऊ
260
_b
कॉटिनेंटल प्रकाशन
_c
1992
300
_a
417
630
_a
राऊ
730
_a
राऊ
942
_c
BOOK
999
_c
425813
_d
425810